| 000 | 00515 a2200169 4500 | ||
|---|---|---|---|
| 999 |
_c41361 _d41361 |
||
| 003 | OSt | ||
| 005 | 20211022103400.0 | ||
| 008 | 211022b ||||| |||| 00| 0 eng d | ||
| 020 | _a9788194521815 | ||
| 040 | _coclc | ||
| 082 |
_a954.83 _bMAN/1 |
||
| 100 |
_92037 _a Mangad, Abdurahman |
||
| 245 |
_a1921 Fathvakal Ahvanangal / _cMangad Abdul Rahman |
||
| 260 |
_aMalappuram: _bGrace Educational Association, _c2021. |
||
| 300 | _a205 pages | ||
| 942 |
_2ddc _cBK _h954.83 _iMAN/1 _k954.83 _mMAN/1 |
||